000 00276nam a22001097a 4500
008 140515t xxu||||| |||| 00| 0 eng d
020 _a978-0-88687-995-2
245 _aThe World Almanac and book of facts 2007
260 _bworld almanac books
300 _a1008
942 _2ddc
_cBK
999 _c17099
_d17099